Statistics for Most Populous Metropolitan French Cities as a Percent of Their Region

Click here to take the quiz!

General Stats

  • This quiz has been taken 32 times
  • The average score is 7 of 9

Answer Stats

%RegionCity% Correct
6.5Auvergne-Rhône-AlpesLyon
100%
17.5Île-de-FranceParis
100%
8.3OccitanieToulouse
90%
17.1Provence-Alpes-Côte d'AzurMarseille
87%
6.7Provence-Alpes-Côte d'AzurNice
87%
8.4Pays de la LoireNantes
77%
6.6BrittanyRennes
68%
21.1CorsicaAjaccio
65%
14.1CorsicaBastia
39%

Score Distribution

Percentile by Number Answered

Percent of People with Each Score

Your Score History

You have not taken this quiz